O jakiej prowincji* Kanady jest mowa? - Statystyki

Ogólne statystyki
  • Ten quiz został rozwiązany 10 razy
  • Średni wynik to 6 z 13
Statystyki odpowiedzi
Informacje Prowincja/terytorium % Poprawnych
Znajduje się tam stolica Kanady Ontario
100%
Największa prowincja mówiąca po francusku Quebec
100%
Prowincja granicząca z Waszyngtonem Kolumbia Brytyjska
67%
Najzimniejsze terytorium Kanady Nunavut
56%
Terytorium najbardziej wysunięte na zachód Jukon
44%
Słynie głównie z win lodowych Nowa Szkocja
44%
Najmniejsza prowincja Wyspa Księcia Edwarda
44%
Jest tam park narodowy Banff Alberta
33%
Nazwa tej prowincji pochodzi od wyrażenia "cieśnina duchów" Manitoba
33%
Prowincja najbardziej wysunięta na wschód Nowa Fundlandia i Labrador
22%
Największa z trzech nadmorskich prowincji Nowy Brunszwik
22%
Posiada najbardziej prostoliniowe granice Saskatchewan
22%
Na tym terytorium znajduje się Wielkie Jezioro Niewolnicze Terytoria Północno-Zachodnie
22%
Nie znaleziono quizów pasujących do podanych kryteriów
Rozkład punktacji
Procent ludzi z każdym wynikiem
Percentyl według liczby udzielonych odpowiedzi
Twoja historia wyników
Nie rozwiązałeś tego quizu